Estatísticas para Portugal A-Z

Clique aqui para jogar o quiz

Estatísticas Gerais

  • Esse quiz foi jogado 396 vezes
    (395 desde o último reset)
  • A pontuação média é 11 de 23

Estatísticas das Respostas

LetraPerguntaResposta% Correto
LAutor dos 'Lúsiadas'Luis Vaz Camões
83%
NPastel internacionalmente conhecidoPastel de Nata ou Belém
77%
PCidade conhecida como 'Invicta'Porto
77%
ARegião abaixo do rio TejoAlentejo
75%
EAutor dos 'Os Maias'Eça de Queirós
75%
IComo se chamava a rainha a titulo póstumo que casou em segredo com D. PedroD. Inês de Castro
72%
CUm dos barcos utilizado no Descobrimentos MarítimosCaravela
69%
TTratado que 'dividiu' o mundo ao meio assinado 7 Junho 1494 com EspanhaTordesilhas
64%
MQual a segunda língua oficial de PortugalMirandês
61%
SCognome 'O Desejado' pertence a qual reiD. Sebastião
58%
HCidade de Portuguesa (Açores)Horta
51%
VNome de um líder da tribo lusiatana que defrontou os romanos. Têm uma estátua em ViseuViriato
48%
DAntiga colónia na ÍndiaDamão, Diu
44%
FPrimeiro navegador a circum navegar o mundoFernão Magalhães
44%
ZNome do tratado de independência de portugal assinado em 5 Outubro de 1143Zamora
44%
UQuem e a meia-irmá de D. Teresa mãe de D. Afonso HenriquesUrraca
34%
GQue acontecimento ocorreu entre 1961-1974Guerra Ultramarina / Colonial / África
31%
RBarco utilizado tradicionalmente para o transporte das pipas do vinho do Porto para adegasRabelo
29%
JNome do general francês que comandou a 1ª Invasão em novembro 1807Junot
26%
XMissionário católico do padroado português, conhecido como 'Apóstolo do Oriente'São Francisco Xavier
22%
OAntigo nome de Lisboa nos tempo dos romanosOlisipo
18%
BUmas das três DinastiasBorgonha
14%
WComo se chama o Tratado assianado em 1386 para renovar aliança Anglo-Porruguesa assinado em 1373Tratado de Windsor
11%

Distribuição das Pontuações

Percentil de Números Respondidos

Porcentagem de Pessoas com Cada Pontuação

Sua Pontuação Histórica

Você não jogou esse quiz desde o último reset